000 00802nam a2200253Ia 4500
003 OSt
005 20221005103004.0
006 a|||||r|||| 00| 0
007 ta
008 221004b |||||||| |||| 00| 0 hin d
024 _a73721
037 _cTextual
040 _aCRL
_cCRL
_bhin
041 _2hin
_ahin
082 _aO152,6x, G9
100 _aचन्द्रप्रकाश
245 0 _aगद्य - कुसुम - माला
246 _aGadya - kusum - mālā
260 _aइलाहाबाद
_bरामनारायण लाल भारत
_c1939
300 _a216पृ0
_ccm.
650 _aहिन्दी साहित्य
942 _hO152,6x, G9
_cTEXL
_2cc
999 _c1009238
_d1009238